Spell the Marvel Character #227 - Statistics

General Stats
  • This quiz has been taken 14 times
  • The average score is 9 of 10
Answer Stats
Picture Answer % Correct
Beast
100%
Hawkeye
100%
Iron Man
100%
Thor
100%
Ant-Man
93%
Black Bolt
86%
Guardian
79%
Big Bertha
71%
Echo
71%
Ricochet
50%
No matching quizzes found
Score Distribution
Percent of People with Each Score
Percentile by Number Answered
Your Score History
You have not taken this quiz